Handbook of Formal Languages : Linear Modeling : Background and Application /

I tiakina i:
Ngā taipitopito rārangi puna kōrero
Kaituhi matua: Rozenberg, Grzegorz (ed.)
Ētahi atu kaituhi: Salomaa, Arto (edición) (edición)
Hōputu: Pukapuka
Reo:Ingarihi
I whakaputaina: Berlín, Alemania : Springer, 1997, c1997
Ngā marau:
Ngā Tūtohu: Tāpirihia he Tūtohu
Kāore He Tūtohu, Me noho koe te mea tuatahi ki te tūtohu i tēnei pūkete!

MARC

LEADER 00000nam^a2200000^a^4500
001 000160307
005 20250521000000.0
009 20260310100720.165
020 |a 3-540-60648-3 
020 |a 3-540-61486-9 
037 |a Acervo ITESO - Biblioteca 
041 |a ING 
082 |a 005. 131  |b ROZ V. 2 
100 |a Rozenberg, Grzegorz  |e (ed.) 
240 1 1 |a [Handbook of Formal Languages] 
245 1 0 |a Handbook of Formal Languages :  |b Linear Modeling : Background and Application /  |c Ed. y pref. de G. Rozenberg, A. Salomaa. 
264 4 |a Berlín, Alemania :  |b Springer,  |c 1997, c1997 
300 |a XXII, 528 p. 
336 |a texto  |b txt  |2 rdacontenido 
337 |a sin mediación  |b n  |2 rdamedio 
338 |a volumen  |b nc  |2 rdasoporte 
649 |a XX 
650 |a Criptografía 
650 |a Gramática 
650 |a Robots 
650 |a Robótica 
650 |a Lenguajes Formales 
650 |a Lenguajes Naturales de Programación 
650 |a Lenguajes de Programación 
650 |a Programación (Software) 
650 |a Sistemas Computacionales 
650 |a Lenguaje y Lenguas -  |x Teoría 
650 |a Lingüística 
650 |a Ingeniería Computacional 
700 |a Salomaa, Arto  |e (edición) 
910 |a Fondo General 
920 |a Impresos - Libros 
930 |a Colección General 
905 |a 101 
901 |a 0500091939  |b IT1  |c ACC  |u 20250521 
902 |a https://opac.biblio.iteso.mx/vufind/Record/000160307